000 02825cam a2200793 i 4500
001 2539
003 FISKH
005 20231214152257.0
008 220711t20011999nyua a 000 1 eng
010 _a 00066586
020 _a9780439027298
_q(CD)
020 _a708431211131
024 8 _aDLW2162
035 _a(OCoLC)ocm45463390
037 _bScholastic, Po Box 7502, Jefferson City, MO, USA, 65102
_nSAN 860-0023
040 _aDLC
_beng
_cDLC
_dDLC
042 _alcac
_alccopycat
050 0 0 _aPZ8.3.A54865
_bGi 2001
060 4 _aAnd
082 0 4 _aPZ8.A54865
_221
084 _a823.92
_2clc
100 1 _aAndreae, Giles,
_d1966-
245 1 0 _aGiraffes can't dance /
_cby Giles Andreae ; illustrated by Guy Parker-Rees.
246 3 _aGiraffes cannot dance
250 _aThis edition published in 2009
260 _aEmeryville :
_bScholastic,
_c1999
300 _a20 unnumbered pages :
_bcolor illustrations ;
_c24 cm
336 _atext
_btxt
_2rdacontent
336 _astill image
_bsti
_2rdacontent
337 _aunmediated
_bn
_2rdamedia
338 _avolume
_bnc
_2rdacarrier
505 _aN
520 _aGerald the giraffe is too clumsy to dance with all the other animals at the Jungle Dance, until he finds the right music.
521 8 _a570
_bLexile AD
521 8 _aN
_bRaz-Plus
650 0 _aChildren's stories, English.
650 0 _aGiraffe
_vFiction.
650 0 _aDance
_vFiction.
650 0 _aIndividuality
_vFiction.
650 1 _aGiraffes
_vFiction.
650 1 _aDance
_vFiction.
650 1 _aIndividuality
_vFiction.
650 6 _aHistoires pour enfants anglaises.
650 6 _aGirafes
_vRomans, nouvelles, etc.
650 6 _aDanse
_vRomans, nouvelles, etc.
650 6 _aIndividualité
_vRomans, nouvelles, etc.
650 7 _aChildren's stories, English.
_2fast
_0(OCoLC)fst00856704
650 7 _aDance.
_2fast
_0(OCoLC)fst00887402
650 7 _aGiraffe.
_2fast
_0(OCoLC)fst00942809
650 7 _aIndividuality.
_2fast
_0(OCoLC)fst00970343
650 7 _aGiraffes
_vFiction.
_2sears
650 7 _aGiraffe
_vFiction.
_2sears
650 7 _aIndividuality
_vFiction.
_2sears
650 7 _aStories in rhyme.
_2sears
650 7 _aDance
_vFiction.
_2sears
655 0 _aPicture books for children.
655 1 _aStories in rhyme.
655 1 _aPicture books for children.
655 7 _aJuvenile works.
_2fast
_0(OCoLC)fst01411637
655 7 _aPicture books.
_2fast
_0(OCoLC)fst01726789
655 7 _aStories in rhyme.
_2fast
_0(OCoLC)fst01921738
655 7 _aFiction.
_2fast
_0(OCoLC)fst01423787
655 7 _aPicture books for children.
_2gsafd
655 7 _aStories in rhyme.
_2lcgft
655 7 _aHistoires rimées.
_2rvmgf
700 1 _aParker-Rees, Guy,
_eillustrator.
906 _a7
_bcbc
_ccopycat
_d2
_encip
_f20
_gy-gencatlg
942 _2ddc
_cBK
_n0
999 _c2539
_d2539